[Event "Madrid ch 2010-2011 - Semifinal B"]
[Site "Madrid ESP"]
[Date "2011.02.04"]
[Round "8.9"]
[White "Morona Minguez, Irene"]
[Black "Cano Cabanillas, Javier"]
[Result "1/2-1/2"]
[WhiteElo "1911"]
[BlackElo "1910"]
[PlyCount "40"]
[EventDate "2011.01.14"]
[EventType "swiss"]
[EventRounds "9"]
[EventCountry "ESP"]
[Source "lmi"]
[SourceDate "2011.01.14"]

1. e4 e5 2. Nf3 Nf6 3. d4 exd4 4. e5 Ne4 5. Qxd4 d5 6. exd6 Nxd6 7. Nc3 Nc6 8.
Qf4 Nf5 9. Nb5 Bb4+ 10. c3 Ba5 11. Be3 Qe7 12. Bd3 Nxe3 13. fxe3 a6 14. Nbd4
Nxd4 15. Nxd4 Bb6 16. O-O-O c5 17. Nc2 Be6 18. Rhf1 Bc7 19. Qf3 Be5 20. Be4 Rb8
1/2-1/2

[Event "Madrid ch 2010-2011 - Semifinal B"]
[Site "Madrid ESP"]
[Date "2011.02.04"]
[Round "8.10"]
[White "Madurga Lopez, Ignacio"]
[Black "Martin Garcia, Francisco Javier"]
[Result "1-0"]
[WhiteElo "1987"]
[BlackElo "1662"]
[PlyCount "69"]
[EventDate "2011.01.14"]
[EventType "swiss"]
[EventRounds "9"]
[EventCountry "ESP"]
[Source "lmi"]
[SourceDate "2011.01.14"]

1. e4 c5 2. Nf3 d6 3. d4 cxd4 4. Nxd4 Nf6 5. Nc3 a6 6. Bg5 e6 7. f4 Be7 8. Qf3
Qc7 9. O-O-O Nbd7 10. g4 b5 11. Bxf6 Nxf6 12. g5 Nd7 13. f5 Nc5 14. f6 gxf6 15.
gxf6 Bf8 16. Rg1 Bd7 17. Rg7 Bxg7 18. fxg7 Rg8 19. Nf5 Nb7 20. Nh6 Rxg7 21. Qf6
Kf8 22. Nxf7 Rxf7 23. Qh8+ Ke7 24. Qxa8 Nc5 25. Re1 Bc6 26. Qg8 d5 27. Qg5+ Ke8
28. exd5 b4 29. Nd1 Ba4 30. dxe6 Nxe6 31. Rxe6+ Kf8 32. b3 Rxf1 33. Rf6+ Rxf6
34. Qxf6+ Ke8 35. Qh8+ 1-0

[Event "Madrid ch 2010-2011 - Semifinal B"]
[Site "Madrid ESP"]
[Date "2011.02.05"]
[Round "9.1"]
[White "Cabañas Jimenez, Andres"]
[Black "Elissalt Cardenas, Hector"]
[Result "0-1"]
[WhiteElo "2221"]
[BlackElo "2359"]
[PlyCount "94"]
[EventDate "2011.01.14"]
[EventType "swiss"]
[EventRounds "9"]
[EventCountry "ESP"]
[Source "lmi"]
[SourceDate "2011.01.14"]

1. e4 d6 2. d4 Nf6 3. Nc3 Nbd7 4. f4 e5 5. Nf3 exd4 6. Qxd4 c6 7. Be3 d5 8.
exd5 Bc5 9. Qd3 Qe7 10. Kd2 cxd5 11. Re1 Bb4 12. Kc1 O-O 13. Bd2 Qd6 14. Nb5
Bxd2+ 15. Qxd2 Qb8 16. Bd3 Nc5 17. Ne5 Bd7 18. Nd4 Qc7 19. Kb1 Rfe8 20. Nb3 b6
21. h3 Rad8 22. Qc3 Qd6 23. Qd4 Ne6 24. Qf2 Qb4 25. Nxd7 Nxd7 26. Bf5 Ndc5 27.
Bxe6 Nxe6 28. g3 Nc5 29. Rxe8+ Rxe8 30. Rd1 Ne4 31. Qg2 a5 32. a3 Qb5 33. Nd4
Qc4 34. Nf3 f6 35. Nd2 Qd4 36. Ka1 Kf8 37. c3 Nxc3 38. bxc3 Qxc3+ 39. Kb1 Qd3+
40. Ka1 Qxa3+ 41. Kb1 Qd3+ 42. Ka1 Re2 43. Qg1 Rxd2 44. Rxd2 Qxd2 45. Qxb6 Qc1+
46. Ka2 Qc4+ 47. Ka1 Qa4+ 0-1

[Event "Madrid ch 2010-2011 - Semifinal B"]
[Site "Madrid ESP"]
[Date "2011.02.05"]
[Round "9.2"]
[White "Garcia Salamero, Gabriel"]
[Black "Vazquez Gonzalez, Jesus"]
[Result "1/2-1/2"]
[WhiteElo "2177"]
[BlackElo "2071"]
[PlyCount "47"]
[EventDate "2011.01.14"]
[EventType "swiss"]
[EventRounds "9"]
[EventCountry "ESP"]
[Source "lmi"]
[SourceDate "2011.01.14"]

1. e4 c5 2. Nf3 d6 3. d4 cxd4 4. Nxd4 Nf6 5. Nc3 Nc6 6. Nde2 Qa5 7. Bd2 Qe5 8.
Bf4 Qa5 9. Qd2 g6 10. f3 Bg7 11. h4 h5 12. Be3 Bd7 13. Nf4 Rc8 14. Be2 Ne5 15.
Ncd5 Qxd2+ 16. Kxd2 Nxd5 17. Nxd5 e6 18. Nf4 a6 19. c3 Nc4+ 20. Bxc4 Rxc4 21.
Rac1 O-O 22. b3 Rc6 23. c4 Rfc8 24. Nd3 1/2-1/2

[Event "Madrid ch 2010-2011 - Semifinal B"]
[Site "Madrid ESP"]
[Date "2011.02.05"]
[Round "9.3"]
[White "Nieto de la Cruz, Julio"]
[Black "Montañes Arribas, Adrian"]
[Result "1/2-1/2"]
[WhiteElo "2135"]
[BlackElo "2144"]
[PlyCount "106"]
[EventDate "2011.01.14"]
[EventType "swiss"]
[EventRounds "9"]
[EventCountry "ESP"]
[Source "lmi"]
[SourceDate "2011.01.14"]

1. d4 d5 2. c4 c6 3. Nf3 Nf6 4. e3 Bg4 5. Nc3 e6 6. Qb3 Qb6 7. Bd2 Nbd7 8. Bd3
Bd6 9. h3 Bh5 10. Nh4 dxc4 11. Qxc4 Nd5 12. Rc1 Qd8 13. g3 Be7 14. Ng2 Bf3 15.
Rg1 e5 16. Ne2 O-O 17. Bc3 exd4 18. Bxd4 c5 19. Bc3 N7b6 20. Qb5 a6 21. Qb3
Nxc3 22. Rxc3 Nd5 23. Rc1 b5 24. Qd1 c4 25. Bb1 Bb4+ 26. Kf1 Qc8 27. g4 f5 28.
Nh4 fxg4 29. Nxf3 Nxe3+ 30. fxe3 Rxf3+ 31. Kg2 Qf8 32. Qd5+ Kh8 33. Rcf1 gxh3+
34. Kh2 Bd6+ 35. Nf4 Bxf4+ 36. Kh1 h2 37. Qxf3 hxg1=Q+ 38. Kxg1 Bd6 39. Qh1 Qg8
40. Bxh7 Bh2+ 41. Kf2 Rf8+ 42. Ke2 Rxf1 43. Qxh2 Qxh7 44. Qb8+ Rf8 45. Qxf8+
Qg8 46. Qf5 Qd8 47. Qh3+ Kg8 48. Qe6+ Kf8 49. Qxa6 Qd3+ 50. Kf3 Qf1+ 51. Kg3
Qg1+ 52. Kf3 Qf1+ 53. Kg3 Qg1+ 1/2-1/2

[Event "Madrid ch 2010-2011 - Semifinal B"]
[Site "Madrid ESP"]
[Date "2011.02.05"]
[Round "9.4"]
[White "Cerrato Torrijos, Maria"]
[Black "Ramos Aldoradin, John Paul"]
[Result "0-1"]
[WhiteElo "2100"]
[BlackElo "2125"]
[PlyCount "64"]
[EventDate "2011.01.14"]
[EventType "swiss"]
[EventRounds "9"]
[EventCountry "ESP"]
[Source "lmi"]
[SourceDate "2011.01.14"]

1. e4 e6 2. d4 d5 3. Nd2 Nf6 4. e5 Nfd7 5. c3 c5 6. Bd3 Nc6 7. Ne2 cxd4 8. cxd4
f6 9. exf6 Nxf6 10. O-O Bd6 11. Nf3 Qc7 12. Bg5 O-O 13. Rc1 h6 14. Bd2 g5 15.
Bc3 Nh5 16. Ne5 Qg7 17. Re1 Qf6 18. Ng4 Qg7 19. g3 Bd7 20. Kg2 Nf6 21. Ne5 Bxe5
22. dxe5 Ng4 23. Qa4 Nxf2 24. Bb1 Qf7 25. Ng1 d4 26. Bxd4 b5 27. Qa3 Nxd4 28.
Rf1 Bc6+ 29. Rxc6 Nxc6 30. Nh3 b4 31. Qb3 Nd4 32. Qe3 Qb7+ 0-1

[Event "Madrid ch 2010-2011 - Semifinal B"]
[Site "Madrid ESP"]
[Date "2011.02.05"]
[Round "9.5"]
[White "Martin Duque, Jesus"]
[Black "Bermejo Arruego, Luis"]
[Result "1/2-1/2"]
[WhiteElo "2109"]
[BlackElo "2194"]
[PlyCount "120"]
[EventDate "2011.01.14"]
[EventType "swiss"]
[EventRounds "9"]
[EventCountry "ESP"]
[Source "lmi"]
[SourceDate "2011.01.14"]

1. e4 c5 2. Nf3 Nc6 3. d4 cxd4 4. Nxd4 g6 5. c4 Nf6 6. Nc3 d6 7. Be2 Nxd4 8.
Qxd4 Bg7 9. Bg5 O-O 10. Qd2 a6 11. Rc1 Be6 12. b3 Qa5 13. f3 b5 14. Nd5 Qxd2+
15. Kxd2 Nxd5 16. cxd5 f6 17. Be3 Bf7 18. Rc6 f5 19. Rhc1 fxe4 20. fxe4 Be5 21.
h3 e6 22. Bf3 exd5 23. exd5 b4 24. Rb6 a5 25. Kd3 Rfb8 26. Rxb8+ Rxb8 27. Bd4
Bf4 28. Rc7 Ra8 29. Ra7 Re8 30. Rxa5 g5 31. Be4 Bg6 32. Bxg6 hxg6 33. Bf2 Rc8
34. Be1 Rc1 35. Bxb4 Rg1 36. Ra6 Rxg2 37. Bxd6 Bxd6 38. Rxd6 Kf7 39. Re6 Rxa2
40. Re3 Kf6 41. Kd4 Rd2+ 42. Kc5 Kf5 43. Kc6 g4 44. hxg4+ Kxg4 45. d6 Rc2+ 46.
Kd7 Kf4 47. Re1 Rb2 48. Ke7 Rxb3 49. d7 Rd3 50. Rf1+ Ke4 51. Rg1 Kf5 52. Rf1+
Ke4 53. Rf6 Rxd7+ 54. Kxd7 g5 55. Ke6 g4 56. Rg6 Kf3 57. Ke5 g3 58. Rf6+ Ke3
59. Rg6 Kf2 60. Rxg3 Kxg3 1/2-1/2

[Event "Madrid ch 2010-2011 - Semifinal B"]
[Site "Madrid ESP"]
[Date "2011.02.05"]
[Round "9.7"]
[White "Alonso Aranzabal, Iñigo"]
[Black "Madurga Lopez, Ignacio"]
[Result "1-0"]
[WhiteElo "2052"]
[BlackElo "1987"]
[PlyCount "97"]
[EventDate "2011.01.14"]
[EventType "swiss"]
[EventRounds "9"]
[EventCountry "ESP"]
[Source "lmi"]
[SourceDate "2011.01.14"]

1. e4 c5 2. c3 Nf6 3. e5 Nd5 4. d4 cxd4 5. Nf3 Nc6 6. cxd4 d6 7. Bc4 Nb6 8. Bb3
d5 9. Nh4 Nc4 10. Nc3 e6 11. Nf3 Bd7 12. O-O a6 13. Re1 b5 14. Bc2 Be7 15. a3
Qc7 16. b3 Nb6 17. Ne2 O-O-O 18. Bd3 Kb7 19. Bg5 f6 20. Bf4 f5 21. a4 Nb4 22.
Rc1 Qb8 23. axb5 axb5 24. Nc3 Nxd3 25. Qxd3 b4 26. Nb5 Rc8 27. Ra1 Bxb5 28.
Qxb5 Rc6 29. Bd2 g5 30. Bxb4 Bxb4 31. Qxb4 g4 32. Ng5 Rf8 33. Qe7+ Rc7 34. Qxe6
Rd7 35. Rec1 Rc8 36. Qxf5 Rdc7 37. Rxc7+ Qxc7 38. g3 Qc3 39. Rb1 Qxd4 40. e6 h6
41. e7 hxg5 42. Qxc8+ Nxc8 43. e8=Q Qd2 44. Qd7+ Kb8 45. Qxg4 Nd6 46. Qd1 Qa2
47. Ra1 Qb2 48. Qc1 Qd4 49. Ra4 1-0

[Event "Madrid ch 2010-2011 - Semifinal B"]
[Site "Madrid ESP"]
[Date "2011.02.05"]
[Round "9.8"]
[White "Lopez Garralon, Miguel"]
[Black "Morona Minguez, Irene"]
[Result "0-1"]
[WhiteElo "1895"]
[BlackElo "1911"]
[PlyCount "58"]
[EventDate "2011.01.14"]
[EventType "swiss"]
[EventRounds "9"]
[EventCountry "ESP"]
[Source "lmi"]
[SourceDate "2011.01.14"]

1. e4 c5 2. Nf3 e6 3. d4 cxd4 4. Nxd4 Nf6 5. Nc3 Nc6 6. Be3 e5 7. Ndb5 d6 8.
Bg5 a6 9. Bxf6 gxf6 10. Na3 b5 11. Nd5 Bg7 12. c3 Ne7 13. Nxe7 Qxe7 14. Qd2 Bb7
15. f3 f5 16. Bd3 fxe4 17. fxe4 Bxe4 18. O-O Bg6 19. Rae1 O-O 20. Nc2 f5 21.
Bxf5 Qa7+ 22. Ne3 Rxf5 23. Rxf5 Bxf5 24. Qd5+ Kh8 25. Kh1 Bg6 26. Qxd6 Rf8 27.
Ng4 e4 28. h3 Bf5 29. Ne5 Qf2 0-1